02103nam a2200409 a 4500001001200000003000800012006001900020007001500039008004100054010001700095020004500112020004200157020004700199020004400246020002300290020002700313040002100340035002100361043001200382050002600394082002000420100003600440245012600476260003700602300001600639504005100655505050100706533015201207650003301359650003601392651003901428651003501467655002901502710001701531856012601548999001901674ebr10476819CaPaEBRm u cr cn|||||||||100318s2010 nyu sb 001 0 eng d z 2010009328 z9780875867472 (trade paper : alk. paper) z0875867472 (trade paper : alk. paper) z9780875867489 (case laminate : alk. paper) z0875867480 (case laminate : alk. paper) z0875867499 (ebook) z9780875867496 (e-book) aCaPaEBRcCaPaEBR a(OCoLC)693780694 ae-ur---14aHC336.26b.N45 2010eb04a330.947/0842221 aNell, Guinevere Liberty,d1976-10aRediscovering fireh[electronic resource] :bbasic economic lessons from the Soviet experiment /cGuinevere Liberty Nell. aNew York :bAlgora Pub.,cc2010. axvi, 322 p. aIncludes bibliographical references and index.0 aThe real benefits of competition -- The dynamics of unemployment and efficiency -- The holistic target : the value of profit and loss for the firm -- The rat race : the value of profit and loss for the economy -- Middlemen, trade, and the market system -- The high price of price control -- The root of all prosperity : money and the danger of centralized monetary policy -- Regulation and the institutions of a dynamic economy -- Democracy and freedom -- Corporate capitalism or the free market. aElectronic reproduction.bPalo Alto, Calif. :cebrary,d2013.nAvailable via World Wide Web.nAccess may be limited to ebrary affiliated libraries. 0aMixed economyzSoviet Union. 0aCentral planningzSoviet Union. 0aSoviet UnionxEconomic conditions. 0aSoviet UnionxEconomic policy. 7aElectronic books.2local2 aebrary, Inc.40uhttp://site.ebrary.com/lib/rucke/Doc?id=10476819zAn electronic book accessible through the World Wide Web; click to view c116627d116627